000 00488nam a2200193Ia 4500
005 20260429112227.0
008 260429s9999||||xx |||||||||||||| ||und||
020 _a9789392262739
041 _aEnglish
082 _a910.021734
_bCHA
100 _aChaudhary, Reetu
245 0 _aRural geography /
_cReetu Chaudhary
260 _aJaipur :
_bBook Enclave,
_c2023.
300 _avi, 277 p.; hb
650 _a Rural region
650 _aGeography
700 _a Dayawati
942 _cTB
999 _c52999
_d52999